VARS/OS. Technická príprava výroby : Vykonávací projekt subsystému. Programová dokumentácia /

Na minha lista:
Detalhes bibliográficos
Autor principal: Mattieligh, A (xxx)
Outros Autores: Pápol, J (xxx)
Formato: Livro
Idioma:eslovaco
Publicado em: Bratislava : Datasystém, 1986
Edição:2.vyd.
Assuntos:
Tags: Adicionar Tag
Sem tags, seja o primeiro a adicionar uma tag!

MARC

LEADER 00000nam a22000003a 4500
001 stu43909
005 20150617225716.9
008 950112s1986----cs------------------slo-d
040 |a STU  |b slo 
041 0 |a slo 
044 |a cs 
080 |a 681.3.066 
100 1 |a Mattieligh, A  |4 xxx 
245 1 |a VARS/OS. Technická príprava výroby :  |b Vykonávací projekt subsystému. Programová dokumentácia /  |c Rie¨. A. Mattieligh, J. Pápol 
250 |a 2.vyd. 
260 |a Bratislava :  |b Datasystém,  |c 1986 
300 |a 349 s 
650 7 |a Systémy operačné  |2 stusub 
700 1 |a Pápol, J  |4 xxx 
996 |b 284M022824  |c M*7067-1  |l MMKN  |s A  |a 24  |w stu43909_0001